| 000 | 00623cam a22001694a 4500 | ||
|---|---|---|---|
| 005 | 20250901165611.0 | ||
| 008 | 990503s2000 maua b 001 0 eng | ||
| 010 | _a 99031132 | ||
| 020 | _a087584877X (alk. paper) | ||
| 050 | 0 | 0 |
_aHC79.I55 .E93 2000 _bE93 2000 |
| 082 | 0 | 0 |
_a658.4/012 _221 |
| 100 | 1 |
_aEvans, Philip, _d1950- |
|
| 245 | 1 | 0 |
_aBlown to bits : _bhow the new economics of information transforms strategy / _cPhilip Evans, Thomas S. Wurster. |
| 260 |
_aBoston, Mass. : _bHarvard Business School Press, _cc2000. |
||
| 300 |
_axv, 261 p. : _bill. ; _c24 cm. |
||
| 942 |
_2lcc _hHC79.I55 .E93 2000 |
||
| 999 |
_c6487 _d6487 |
||